000 00814nas a2200277 4500
001 BR2014000922
003 BR-BrBNA
005 20231205123708.0
007 ta
008 230509b bl.|||p| |||| 00| 00por d
040 _aBR-BrBNA
_bpor
_cBiblioteca Nacional de Agricultura
041 _a(Pt)
072 _aH29; H01
100 1 _aFreddo, A.R.
100 1 _aMazaro, S.M.
100 1 _aBrun, E.J.
100 1 _aWagner Júnior, A.
245 1 _aA quitosana como fungistático no crescimento micelial de Rhizoctonia solani Kuhn
650 _aPLÂNTULA
650 _aSOLO
650 _aDOENÇA FÚNGICA
650 _aDEFESA VEGETAL
773 0 _tCiência Rural (Brazil)
_xISSN 0103-8478
_g(Jan 2014), v. 44(1) p. 1-4
_wBR2014000922
909 _a202311
_bLúcia
_c55
_dLúcia Elande
942 _2AGRIS
_n0
_cANA
999 _c235219
_d235219